000 00602nam a2200169 i 4500
001 182128
003 ES-MaACL
005 20240420063051.0
008 130619s1992 sp |||| | spa d
100 1 _aMontesinos, Rafael,
_d1920-2005
_982600
245 1 0 _a40 años de la tertulia literaria hispanoamericana /
_c[Rafael Montesinos].
260 _aMadrid :
_bInstituto de Cooperación Iberoamericana,
_c[1992?]
300 _a[40 p.] :
_bil. ;
_c24 cm.
610 2 4 _aTertulia Literaria Hispanoamericana Rafael Montesinos.
_9139130
852 _aES-MaACL
_j2190-F-18
999 _c182128
_d182128